000 01035nam a2200265Ia 4500
003 OSt
005 20221005105224.0
006 a|||||r|||| 00| 0
007 ta
008 221004b |||||||| |||| 00| 0 hin d
020 _cIndian Rupees 125
024 _a33716
037 _bGift, 26/09/2017,
_cTextual
040 _aCRL
_cCRL
_bhin
041 _2hin
_ahin
082 _aR65,6, 152P3
100 _aगुलाटी, रामप्रकाश, अनु.
245 0 _aश्रीमद्भगवत् गीताः पदानुवाद सहित
246 _aShrīmadbhagavat gītāah padānuvād sahita
260 _aनई दिल्ली
_bइन्दिरा गॉंधी राष्ट्रीय कला केन्द्र भारत
_c2003
300 _a238पृ0
_ccm.
650 _aभगवत् गीता
942 _hR65,6, 152P3
_cTEXL
_2cc
999 _c1015179
_d1015179